Correspondencia secreta de los principales intervencionistas mexicanos (Record no. 3847)
[ view plain ]
| 000 -CABECERA | |
|---|---|
| campo de control de longitud fija | 00991nam a2200241 a 4500 |
| 001 - NÚMERO DE CONTROL | |
| campo de control | BRCA_4131 |
| 005 - FECHA Y HORA DE LA ÚLTIMA TRANSACCIÓN | |
| campo de control | 20190320204544.0 |
| 008 - DATOS DE LONGITUD FIJA--INFORMACIÓN GENERAL | |
| campo de control de longitud fija | 140410m19051907mx-#######---#000-0#spa-# |
| 041 ## - CÓDIGO DE LENGUA | |
| Código de lengua del texto/banda sonora o título independiente | spa |
| 044 ## - CÓDIGO DEL PAÍS DE LA ENTIDAD EDITORA/PRODUCTORA | |
| Código MARC del país | mx |
| 050 #4 - SIGNATURA TOPOGRÁFICA DE LA BIBLIOTECA DEL CONGRESO | |
| Número de clasificación | F1233 |
| Número de documento/Ítem | .C66 1905 |
| 245 10 - MENCIÓN DE TÍTULO | |
| Título | Correspondencia secreta de los principales intervencionistas mexicanos |
| Mención de responsabilidad, etc. | publicados por Genaro García y Carlos Pereyra. |
| 260 ## - PUBLICACIÓN, DISTRIBUCIÓN, ETC. | |
| Lugar de publicación, distribución, etc. | México |
| Nombre del editor, distribuidor, etc. | Vda. de Ch. Bouret |
| Fecha de publicación, distribución, etc. | 1905-1907 |
| 300 ## - DESCRIPCIÓN FÍSICA | |
| Extensión | 3 v. |
| Dimensiones | 21 cm. |
| 440 #0 - MENCIÓN DE SERIE/PUNTO DE ACCESO ADICIONAL--TÍTULO | |
| Título | Documentos inéditos ó muy raros para la historia de México |
| Designación de volumen o secuencia | 1, 4, 13 |
| 9 (RLIN) | 10666 |
| 500 ## - NOTA GENERAL | |
| Nota general | C159 |
| 505 0# - NOTA DE CONTENIDO CON FORMATO | |
| Nota de contenido con formato | Contenido: v.1. 1860-1862, (1905). -- v.2. Segunda parte, (1906). -- v.3. Tercera y última parte: Historia del proyecto del Concordato mexicano y documentos sobre la Reforma é invasión francesa, (1907) |
| 651 #4 - PUNTO DE ACCESO ADICIONAL DE MATERIA--NOMBRE GEOGRÁFICO | |
| Nombre geográfico | México |
| Subdivisión de forma | Fuentes |
| Subdivisión general | Historia |
| Subdivisión cronológica | Intervención francesa, 1861-1867 |
| 9 (RLIN) | 10667 |
| 700 1# - PUNTO DE ACCESO ADICIONAL--NOMBRE DE PERSONA | |
| Nombre de persona | García, Genaro |
| 9 (RLIN) | 10197 |
| 700 1# - PUNTO DE ACCESO ADICIONAL--NOMBRE DE PERSONA | |
| Nombre de persona | Pereyra, Carlos |
| 9 (RLIN) | 8199 |
| 902 ## - CATALOGADOR | |
| Iniciales | GFM |
| 942 ## - ELEMENTOS DE PUNTO DE ACCESO ADICIONAL (KOHA) | |
| Fuente del sistema de clasificación o colocación | Library of Congress Classification |
| Tipo de ítem Koha | Libros |
| Estado de retiro | Estado de pérdida | Estado dañado | No para préstamo | Localización permanente | Ubicación/localización actual | Fecha de adquisición | Número de inventario | Total de préstamos | Signatura topográfica completa | Código de barras | Fecha visto por última vez | Precio válido a partir de | Tipo de ítem Koha |
|---|---|---|---|---|---|---|---|---|---|---|---|---|---|
| El ejemplar forma parte de la colección y puede ser consultado según las políticas vigentes. | Biblioteca del Museo Franz Mayer (Rogerio Casas-Alatriste) | Biblioteca del Museo Franz Mayer (Rogerio Casas-Alatriste) | 14/04/2010 | C159 | F1233 .C66 1905 (C159) | 4128 | 22/03/2019 | 22/03/2019 | Libros |